000 00477nam a2200193Ia 4500
005 20230321102733.0
008 131103s9999 xx 000 0 und d
020 _cRs.2.50
040 _aLoreto College
041 _aEnglish
082 _a891.441
_bDUT-DAS
100 _aDas, Sisirkumar
245 _aModhusudaner kobimanos
_cSisirkumar Das
260 _aKolkata
_bBookland
300 _a114p.
650 _aBengali poetry - Criticism
850 _aLCLIB
942 _cBK
999 _c20624
_d71103